Números redondos : (Registro nro. 4544)
[ vista simple ]
| 000 -LEADER | |
|---|---|
| fixed length control field | 01163nam a2200277Ia 4500 |
| 003 - CONTROL NUMBER IDENTIFIER | |
| control field | OSt |
| 005 - DATE AND TIME OF LATEST TRANSACTION | |
| control field | 20200917162618.0 |
| 008 - FIXED-LENGTH DATA ELEMENTS--GENERAL INFORMATION | |
| fixed length control field | 191128s2014 ck ad gr 000 0dspa d |
| 020 ## - INTERNATIONAL STANDARD BOOK NUMBER | |
| International Standard Book Number | 9789588789767 |
| 040 ## - CATALOGING SOURCE | |
| Original cataloging agency | CO-JMCR |
| Transcribing agency | CO-JMCR |
| 041 0# - LANGUAGE CODE | |
| Language code of text/sound track or separate title | spa |
| 082 04 - DEWEY DECIMAL CLASSIFICATION NUMBER | |
| Classification number | 796.33464 / |
| Item number | T736n |
| Edition number | 23 |
| 100 1# - MAIN ENTRY--PERSONAL NAME | |
| Personal name | Tovar, Jorge, |
| Relator term | autor |
| 9 (RLIN) | 10418 |
| 245 10 - TITLE STATEMENT | |
| Title | Números redondos : |
| Remainder of title | leyendas y estadísticas del fútbol mundial / |
| Statement of responsibility, etc. | Jorge Tovar |
| 250 ## - EDITION STATEMENT | |
| Edition statement | Primera edición |
| 260 ## - PUBLICATION, DISTRIBUTION, ETC. | |
| Place of publication, distribution, etc. | Bogotá : |
| Name of publisher, distributor, etc. | Grijalbo, |
| Date of publication, distribution, etc. | 2014 |
| 300 ## - PHYSICAL DESCRIPTION | |
| Extent | 206 páginas : |
| Other physical details | gráficos a blanco y negro ; |
| Dimensions | 23 cm. |
| 500 ## - GENERAL NOTE | |
| General note | Incluye datos biográficos del autor en solapa. |
| 504 ## - BIBLIOGRAPHY, ETC. NOTE | |
| Bibliography, etc. note | Bibliografía: páginas 203-206 |
| 505 0# - FORMATTED CONTENTS NOTE | |
| Formatted contents note | Equipos que hicieron historia -- Grandes jugadores -- Goleadores -- Locos, pero artistas -- El balón: de la posesión y la precisión -- Selecciones: pasión y gloria -- Entrenadores y procesos -- La dinámica del torneo doméstico |
| 650 14 - SUBJECT ADDED ENTRY--TOPICAL TERM | |
| Topical term or geographic name entry element | Fútbol |
| General subdivision | estadísticas |
| 9 (RLIN) | 10419 |
| 650 14 - SUBJECT ADDED ENTRY--TOPICAL TERM | |
| Topical term or geographic name entry element | Fútbol |
| General subdivision | historia |
| 9 (RLIN) | 10420 |
| 650 14 - SUBJECT ADDED ENTRY--TOPICAL TERM | |
| Topical term or geographic name entry element | Fútbol |
| General subdivision | aspectos económicos |
| 9 (RLIN) | 10421 |
| 650 14 - SUBJECT ADDED ENTRY--TOPICAL TERM | |
| Topical term or geographic name entry element | Fútbol |
| General subdivision | anécdotas, chistes, sátiras, etc. |
| 9 (RLIN) | 10422 |
| 942 ## - ADDED ENTRY ELEMENTS (KOHA) | |
| Source of classification or shelving scheme | Dewey Decimal Classification |
| Koha item type | Books |
| Withdrawn status | Lost status | Source of classification or shelving scheme | Damaged status | Not for loan | Collection code | Home library | Current library | Date acquired | Source of acquisition | Total Checkouts | Full call number | Barcode | Date last seen | Date last checked out | Copy number | Koha item type |
|---|---|---|---|---|---|---|---|---|---|---|---|---|---|---|---|---|
| Dewey Decimal Classification | Non-fiction | Biblioteca Pública José María del Castillo y Rada | Biblioteca Pública José María del Castillo y Rada | 05/27/2019 | Donación | 4 | 796.33464 / T736n | 201811767 | 10/21/2025 | 10/21/2025 | Ej.1 | Books |